书目信息 |
| 题名: |
文学巨匠
|
|
| 作者: | 许敏敏 主编 | |
| 分册: | ||
| 出版信息: | 长春 东北师范大学出版社 2019.01 |
|
| 页数: | 128页 | |
| 开本: | 23cm | |
| 丛书名: | 学生励志名人馆 | |
| 单 册: | ||
| 中图分类: | K815.6-49 , K815.6 | |
| 科图分类: | ||
| 主题词: | 作家--生平事迹--世界--青少年读物 | |
| 电子资源: | ||
| ISBN: | 978-7-5681-4850-4 | |
| 000 | 01057nam0 2200253 450 | |
| 001 | 2355461907 | |
| 005 | 20231230152457.27 | |
| 010 | @a978-7-5681-4850-4@dCNY 23.80 | |
| 100 | @a20180814d2019 em y0chiy0110 ea | |
| 101 | 0 | @achi |
| 102 | @aCN@b220000 | |
| 105 | @ay z 000yy | |
| 200 | 1 | @a文学巨匠@Awen xue ju jiang@f许敏敏主编 |
| 210 | @a长春@c东北师范大学出版社@d2019.01 | |
| 215 | @a128页@d23cm | |
| 225 | 2 | @a学生励志名人馆 |
| 330 | @a本书用通俗易懂的语言,配以精美的图片,将文坛巨匠的成长历程、趣闻轶事、文学成就等做简单介绍。引导青少年朋友在学习文化知识的同时,对文学名家、文学巨著有一个大致的了解,以开阔视野、增长知识、陶冶情操、提升素质。古今中外的文坛大师们,以其不朽的成就、高尚的品德和精深的修养,创造出世界文学的辉煌和中华文坛的璀璨。翻开本书,让我们共同感悟大师的传奇经历,领略大师的宏大思想! | |
| 410 | 0 | @12001 @a学生励志名人馆 |
| 606 | 0 | @a作家@x生平事迹@y世界@x青少年读物 |
| 690 | @aK815.6-49@v5 | |
| 690 | @aK815.6@v4 | |
| 701 | 0 | @a许敏敏@Axu min min@4主编 |
| 801 | 2 | @aCN@b辽宁北配@c20231205 |
| 905 | @aBZT@dK815.6@e79 | |
| 文学巨匠/许敏敏主编.-长春:东北师范大学出版社,2019.01 |
| 128页;23cm.-(学生励志名人馆) |
| ISBN 978-7-5681-4850-4:CNY 23.80 |
| 本书用通俗易懂的语言,配以精美的图片,将文坛巨匠的成长历程、趣闻轶事、文学成就等做简单介绍。引导青少年朋友在学习文化知识的同时,对文学名家、文学巨著有一个大致的了解,以开阔视野、增长知识、陶冶情操、提升素质。古今中外的文坛大师们,以其不朽的成就、高尚的品德和精深的修养,创造出世界文学的辉煌和中华文坛的璀璨。翻开本书,让我们共同感悟大师的传奇经历,领略大师的宏大思想! |
| ● |
| 相关链接 |
|
|
|
正题名:文学巨匠
索取号:K815.6/79
 
预约/预借
| 序号 | 登录号 | 条形码 | 馆藏地/架位号 | 状态 | 备注 |
| 1 | 2001729276 | 2001729276 | 辽三/辽宁北配(第三批)/4427/ [索取号:K815.6/79] | 在馆 | |
| 2 | 2001729277 | 2001729277 | 辽三/辽宁北配(第三批)/4427/ [索取号:K815.6/79] | 在馆 | |
| 3 | 2001729278 | 2001729278 | 辽三/辽宁北配(第三批)/4427/ [索取号:K815.6/79] | 在馆 | |
| 4 | 2001729279 | 2001729279 | 辽三/辽宁北配(第三批)/4427/ [索取号:K815.6/79] | 在馆 | |
| 5 | 2001729280 | 2001729280 | 辽三/辽宁北配(第三批)/4427/ [索取号:K815.6/79] | 在馆 | |
| 6 | 2001729281 | 2001729281 | 辽三/辽宁北配(第三批)/4427/ [索取号:K815.6/79] | 在馆 | |
| 7 | 2001729282 | 2001729282 | 辽三/辽宁北配(第三批)/4427/ [索取号:K815.6/79] | 在馆 | |
| 8 | 2001729284 | 2001729284 | 辽三/辽宁北配(第三批)/4427/ [索取号:K815.6/79] | 在馆 | |
| 9 | 2001729285 | 2001729285 | 辽三/辽宁北配(第三批)/4427/ [索取号:K815.6/79] | 在馆 | |
| 10 | 2001729286 | 2001729286 | 辽三/辽宁北配(第三批)/4427/ [索取号:K815.6/79] | 在馆 | |
| 11 | 2001729287 | 2001729287 | 辽三/辽宁北配(第三批)/4427/ [索取号:K815.6/79] | 在馆 | |
| 12 | 2001729288 | 2001729288 | 辽三/辽宁北配(第三批)/4427/ [索取号:K815.6/79] | 在馆 | |
| 13 | 2001729289 | 2001729289 | 辽三/辽宁北配(第三批)/4427/ [索取号:K815.6/79] | 在馆 | |
| 14 | 2001729290 | 2001729290 | 辽三/辽宁北配(第三批)/4427/ [索取号:K815.6/79] | 在馆 | |
| 15 | 2001729291 | 2001729291 | 辽三/辽宁北配(第三批)/4427/ [索取号:K815.6/79] | 在馆 | |
| 16 | 2001729292 | 2001729292 | 辽三/辽宁北配(第三批)/4427/ [索取号:K815.6/79] | 在馆 | |
| 17 | 2001729293 | 2001729293 | 辽三/辽宁北配(第三批)/4427/ [索取号:K815.6/79] | 在馆 | |
| 18 | 2001729294 | 2001729294 | 辽三/辽宁北配(第三批)/4427/ [索取号:K815.6/79] | 在馆 |